[Event "Belt and Road Hunan op-C"]
[Site "Changsha"]
[Date "2019.08.02"]
[Round "8"]
[White "He, Chenglu"]
[Black "Li, Yingxuan"]
[Result "0-1"]
[WhiteElo "1842"]
[BlackElo "1467"]
[PlyCount "60"]
[EventDate "2019.07.29"]
[EventType "swiss"]
[EventRounds "9"]
[EventCountry "CHN"]
[SourceTitle "EXT 2020"]
[Source "ChessBase"]
[SourceDate "2019.10.17"]
[SourceVersion "1"]
[SourceVersionDate "2019.10.17"]
[SourceQuality "1"]

1. e4 c6 2. d4 d5 3. e5 c5 4. Nc3 Nc6 5. Be3 cxd4 6. Bxd4 e6 7. f4 Nge7 8. Bf2 h5 9. Be2 d4 10. Ne4 Nd5 11. Nh3 Bb4+ 12. Kf1 h4 13. Bb5 Qb6 14. Bxc6+ bxc6 15. Qxd4 Ba6+ 16. Kg1 Qxd4 17. Bxd4 Be2 18. Kf2 Bg4 19. Be3 Rh5 20. Nhg5 f6 21. exf6 gxf6 22. Nf3 Bf5 23. g4 Bxg4 24. c3 Be7 25. Rhg1 f5 26. Neg5 Nxe3 27. Kxe3 Bc5+ 28. Nd4 e5 29. Nge6 exd4+ 30. cxd4 Bb6 0-1

[Event "Belt and Road Hunan op-C"]
[Site "Changsha"]
[Date "2019.07.30"]
[Round "3"]
[White "Zhou, Shumeng"]
[Black "He, Chenglu"]
[Result "1/2-1/2"]
[WhiteElo "1282"]
[BlackElo "1842"]
[PlyCount "80"]
[EventDate "2019.07.29"]
[EventType "swiss"]
[EventRounds "9"]
[EventCountry "CHN"]
[SourceTitle "EXT 2020"]
[Source "ChessBase"]
[SourceDate "2019.10.17"]
[SourceVersion "1"]
[SourceVersionDate "2019.10.17"]
[SourceQuality "1"]

1. c4 e5 2. Nc3 Nf6 3. g3 Nc6 4. Bg2 Be7 5. d3 0-0 6. Nf3 Bb4 7. Bd2 Re8 8. e4 d6 9. 0-0 h6 10. a3 Bc5 11. b4 Bb6 12. Na4 Qe7 13. Nxb6 axb6 14. b5 Nd8 15. Bb4 Ne6 16. Nxe5 Nd4 17. Nf3 Bg4 18. Bc3 Nxf3+ 19. Bxf3 Bh3 20. Bg2 Bxg2 21. Kxg2 Nd7 22. f4 Nc5 23. Re1 Qd7 24. Bb4 c6 25. Bxc5 dxc5 26. bxc6 bxc6 27. Qb3 b5 28. Qc3 b4 29. axb4 cxb4 30. Qxb4 Rxa1 31. Rxa1 Qxd3 32. Re1 Rxe4 33. Rxe4 Qxe4+ 34. Kg1 Kh7 35. Qc5 g6 36. h3 f6 37. Kf2 Qh1 38. h4 Qe4 39. Kg1 f5 40. Qd6 h5 1/2-1/2

[Event "CHN-chB (Women)"]
[Site "Qinhuangdao"]
[Date "2017.07.21"]
[Round "11"]
[White "He, Chenglu"]
[Black "Zhai, Pinran"]
[Result "1-0"]
[WhiteElo "1798"]
[BlackElo "1432"]
[PlyCount "109"]
[EventDate "2017.07.16"]
[EventType "swiss"]
[EventRounds "11"]
[EventCountry "CHN"]
[SourceTitle "CBM 179 Extra"]
[Source "ChessBase"]
[SourceDate "2017.08.23"]
[SourceVersion "1"]
[SourceVersionDate "2017.08.23"]
[SourceQuality "1"]

1. e4 c5 2. Nf3 e6 3. d4 cxd4 4. Nxd4 a6 5. c4 Nf6 6. Nc3 d6 7. Be3 Be7 8. Be2 Nc6 9. 0-0 0-0 10. f4 Qc7 11. Rc1 Bd7 12. Bf3 Nxd4 13. Bxd4 Bc6 14. Qe2 Nd7 15. b4 Bf6 16. Bf2 b6 17. Rfd1 Rfd8 18. Bg3 Nf8 19. Qe3 Ng6 20. Nd5 exd5 21. cxd5 Qe7 22. dxc6 Qc7 23. Bf2 Rab8 24. Be2 Re8 25. Bxa6 Ne7 26. Bb7 Nc8 27. a4 Rxb7 28. cxb7 Qxb7 29. b5 h6 30. Rc6 Be7 31. Rdc1 Bf8 32. Rc7 Qb8 33. Qc3 Ne7 34. Qc4 Kh8 35. Qxf7 Kh7 36. Bd4 Kh8 37. Bxg7+ Bxg7 38. Rxe7 Rxe7 39. Qxe7 d5 40. e5 Bf8 41. Qf7 Bc5+ 42. Kh1 Qd8 43. f5 Qg5 44. Rf1 Qd2 45. f6 Qg5 46. Qe8+ Kh7 47. Qd7+ Kh8 48. f7 Bf8 49. Qxd5 Kg7 50. Qd4 Kh7 51. e6 Qg6 52. Qd8 Qe4 53. Qxf8 Kg6 54. Qg8+ Kh5 55. f8Q 1-0

[Event "CHN-chB (Women)"]
[Site "Qinhuangdao"]
[Date "2017.07.19"]
[Round "8"]
[White "Li, Yunshan"]
[Black "He, Chenglu"]
[Result "1-0"]
[WhiteElo "2034"]
[BlackElo "1798"]
[PlyCount "87"]
[EventDate "2017.07.16"]
[EventType "swiss"]
[EventRounds "11"]
[EventCountry "CHN"]
[SourceTitle "CBM 179 Extra"]
[Source "ChessBase"]
[SourceDate "2017.08.23"]
[SourceVersion "1"]
[SourceVersionDate "2017.08.23"]
[SourceQuality "1"]

1. d4 d5 2. c4 e6 3. Nf3 Nf6 4. g3 b6 5. cxd5 exd5 6. Bg2 Bb7 7. Nc3 c6 8. 0-0 Be7 9. Bf4 0-0 10. Qb3 Nh5 11. Be3 Nd7 12. a4 a5 13. Ne5 Nhf6 14. Bh3 Bd6 15. Rac1 Bc7 16. Rfd1 Re8 17. Nd3 Rb8 18. Qc2 Bd6 19. Bf4 Bxf4 20. Nxf4 Nf8 21. e3 Ng6 22. Nd3 Qd6 23. Na2 Ne4 24. b4 Ng5 25. Bg2 axb4 26. h4 Ne4 27. Naxb4 Rbc8 28. Na2 Ba6 29. Rb1 c5 30. dxc5 bxc5 31. h5 Ne7 32. Nf4 Nf6 33. Nc3 Bc4 34. Nb5 Qa6 35. Na3 g5 36. hxg6 Nxg6 37. Nxg6 hxg6 38. Nxc4 Qxc4 39. Qxc4 dxc4 40. Rbc1 Red8 41. Rxd8+ Rxd8 42. a5 Ng4 43. a6 c3 44. a7 1-0